(Khmer) Prayers of hope / (Record no. 49821)
| 000 -LEADER | |
|---|---|
| fixed length control field | 00402nam a2200133 4500 |
| 020 ## - INTERNATIONAL STANDARD BOOK NUMBER | |
| International Standard Book Number | 9789924566168 |
| 100 ## - MAIN ENTRY--PERSONAL NAME | |
| Personal name | Barrick, Jen. |
| 9 (RLIN) | 82597 |
| 245 ## - TITLE STATEMENT | |
| Title | (Khmer) Prayers of hope / |
| Statement of responsibility, etc | Jen Barrick. Translated by Chheang Bora. |
| 260 ## - PUBLICATION, DISTRIBUTION, ETC. (IMPRINT) | |
| Place of publication, distribution, etc | Forest, VA: |
| -- | Cambodia: |
| Name of publisher, distributor, etc | Plovpit; |
| Date of publication, distribution, etc | 2024. |
| 300 ## - PHYSICAL DESCRIPTION | |
| Extent | 205 p. |
| Dimensions | 21 cm. |
| 650 ## - SUBJECT ADDED ENTRY--TOPICAL TERM | |
| Topical term or geographic name as entry element | Prayer. |
| 700 ## - ADDED ENTRY--PERSONAL NAME | |
| Relator code | Translator. |
| Personal name | Chheang Bora. |
| 9 (RLIN) | 86958 |
| 942 ## - ADDED ENTRY ELEMENTS (KOHA) | |
| Source of classification or shelving scheme | |
| Koha item type | Khmer NON FIC Books |
| Withdrawn status | Lost status | Source of classification or shelving scheme | Damaged status | Not for loan | Collection code | Home library | Current library | Date acquired | Total Checkouts | Full call number | Barcode | Date last seen | Date checked out | Price effective from | Koha item type |
|---|---|---|---|---|---|---|---|---|---|---|---|---|---|---|---|
| Siem Riep | Asian Hope Secondary Library | Asian Hope Secondary Library | 11/26/2025 | 1 | KHMER 242 BAR | 208819 | 03/23/2026 | 03/10/2026 | 11/26/2025 | Khmer NON FIC Books |